Регионална библиотека "Любен Каравелов" - Русе

Михаил Арнаудов и Борис Вазов (Запис номер 341514)

MARC детайли
000 -Лидер
Контролно поле с фиксирана дължина 00815nkm a2200229 a 4500
003 - Код на организацията, давaща контролен номер
Контролно поле BLK
005 - Дата и час на последна редакция
Контролно поле 20250220130012.0
008 - Елементи от данни с фиксирана дължина
fixed length control field 180911b bul|||||r ||||||| ||bul||
040 ## - Източник на каталожния запис
Идентификатор на билиотеката - собственик на записа BLK
041 ## - Код за език
Код за езика на текст/звукозапис или на отделно заглавие Български
Код за езика КДБФ Български
080 ## - УДК
Текстов определител УДК Портретна фотография
УДК код - определител по УДК 77.041.5
245 ## - Сведения за заглавието
Заглавие Михаил Арнаудов и Борис Вазов
Подзаглавни данни [Снимка]
300 ## - Физическа характеристика
Размери/Мащаб 14 Х 9 см
380 ## - Жанр
Жанр Изкуство
490 ## - СЕРИИ (Колекции)
Име на серия Частна колекция - Академик Михаил Арнаудов
Бележки за серията Дарение - Основен фонд
505 ## - Форматирана забележка
Подзаглавни данни Борис Вазов - брат на Иван Вазов. - студийна снимка, седнали, бюст. Оригинал
852 ## - Местоположение
Форматна сигнатура МА 5024
999 ## - СИСТЕМНИ КОНТРОЛНИ НОМЕРА
Koha biblionumber 341514
Koha biblioitemnumber 341514
942 ## - АРТИКУЛИ
Вид на библиотечния материал Фотографии (фотографски изображения, снимки)
Скрит в OPAC Не
Периодичен библиозапис Да
Koha issues (borrowed), all copies 1
944 ## - СЪЗДАВАНЕ И РЕДАКЦИЯ на ЗАПИСА
Създаване/Редакция Създаване
Дата на регистрацията/редакция 1994
Служител, извършил регистрацията/редакцията 30546
Статус, дата на статуса Ренета Константинова
999 ## - СИСТЕМНИ КОНТРОЛНИ НОМЕРА
Koha biblioitemnumber 341514
999 ## - СИСТЕМНИ КОНТРОЛНИ НОМЕРА
Koha biblioitemnumber 341514
Наличности
Код за отписване Код за изгубен артикул Източник на класификационната схема Код за повреда Код за отдаване Артикулен № Име на библиотеката - собственик Име на библиотеката, в която се намира в момента Статус (Текущо местоположение) Дата на вписване в системата Местоположение - отдел Цена в лева Систематично азбучна сигнатура Баркод Цена в евро Служебен тип на артикула
  Не е изгубен Universal Decimal Classification Не е повреден Специални фондове ( старопечатни, редки и ценни, фонд М. Арнаудов) 748293 Регионална библиотека "Любен Каравелов" Русе Регионална библиотека "Любен Каравелов" Русе Фонд "Михаил Арнаудов" 2019-10-30 Фонд "Михаил Арнаудов" 6.00 МА 5024 120000837211 3.07 Фотографии (фотографски изображения, снимки)
Vip Innovations Ltd, Rousse, Bulgaria 2025